Statistics for Argentina National Football Team

Click here to take the quiz!

General Stats

  • This quiz has been taken 16 times
    (5 since last reset)
  • The average score is 25 of 35

Answer Stats

#PositionPlayed for...Player Name% Correct
-FWManchester UnitedAlejandro Garnacho
100%
-MFLiverpoolAlexis Mac Allister
100%
-GKAston VillaEmiliano Martínez
100%
-FWManchester CityJulián Álvarez
100%
-FWInter MilanLautaro Martínez
100%
-FWInter MiamiLionel Messi
100%
-DFTottenham HotspurCristian Romero
80%
-MFChelseaEnzo Fernández
80%
-MFBayer LeverkusenEzequiel Palacios
80%
-GKRiver PlateFranco Armani
80%
-DFReal BetisGermán Pezzella
80%
-MFTottenham HotspursGiovanni Lo Celso
80%
-MFReal BetisGuido Rodríguez
80%
-DFVillarrealJuan Foyth
80%
-MFAS RomaLeandro Paredes
80%
-CoachArgentinaLionel Scaloni
80%
-FWSevillaLucas Ocampos
80%
-DFSevillaMarcos Acuña
80%
-DFAtlético de MadridNahuel Molina
80%
-DFSL BenficaNicolás Otamendi
80%
-DFOlympique LyonnaisNicolás Tagliafico
80%
-FWAS RomaPaulo Dybala
80%
-MFAtlético de MadridRodrigo de Paul
80%
-DFNottingham ForestGonzalo Montiel
60%
-GKAtalantaJuan Musso
60%
-FWFiorentinaLucas Beltrán
60%
-DFFiorentinaLucas Martínez Quarta
60%
-FWFiorentinaNicolás González
60%
-MFAtlanta UnitedThiago Almada
60%
-MFAthletico ParanaenseBruno Zapelli
40%
-MFSouthamptonCarlos Alcaraz
40%
-DFAthletico ParanaenseLucas Esquivel
40%
-DFAC MilanMarco Pellegrino
40%
-GKFeyenoordWalter Benítez
40%
-MFInter MiamiFacundo Farías
20%

Score Distribution

Percentile by Number Answered

Percent of People with Each Score

Your Score History

You have not taken this quiz since the last reset